000 00844nam a22002057a 4500
999 _c18639
_d18639
003 AR-CdUCM
008 190514b ||||| |||| 00| 0 spa d
040 _aMUNICIPALIDAD PROVINCIAL DEL CUSCO
_cBIBLIOTECA MUNICIPAL DEL CUSCO
082 _a338.911722 /
_bT57
100 _aTinbergen, Jan.
_939351
245 _aLa planeación del desarrollo /
260 _aMéxico :
_bFondo de cultura económica,
_c1958.
300 _a103 páginas ;
_c21 cm.
440 _aSección de obras de economía.
_96499
505 _aContenido : Los elementos del desarrollo económico -- La esencia de la programación -- Análisis de proyectos, inversiones públicas -- Métodos para explorara, juzgar y estimular la inversión privada ...
650 _aDesarrollo.
_92021
650 _aPlaneación.
_936452
942 _2ddc
_cLIBROS
945 _arum
_d2019-05-14